The 30 Most Populated Cities In The European Union - Statistics

General Stats
  • This quiz has been taken 1,720 times
  • The average score is 22 of 30
Answer Stats
Population City % Correct
8,615,246 London
98%
2,273,305 Paris
98%
3,562,166 Berlin
97%
3,165,235 Madrid
97%
2,874,038 Rome
95%
1,602,386 Barcelona
92%
1,339,975 Milan
88%
825,080 Amsterdam
87%
1,493,900 Munich
87%
1,812,604 Vienna
86%
1,740,119 Warsaw
86%
911,989 Stockholm
83%
1,744,000 Budapest
82%
1,175,831 Brussels
81%
1,261,715 Prague
79%
989,160 Naples
78%
1,760,433 Hamburg
77%
1,903,425 Bucharest
74%
709,395 Frankfurt
73%
852,516 Marseille
73%
1,092,330 Birmingham
72%
1,057,327 Cologne
60%
897,265 Turin
60%
1,286,383 Sofia
59%
786,424 Valencia
55%
790,017 Zagreb
55%
760,700 Krakow
54%
696,676 Seville
51%
757,655 Leeds
42%
709,757 Lodz
21%
No matching quizzes found
Score Distribution
Percent of People with Each Score
Percentile by Number Answered
Your Score History
You have not taken this quiz